Reluctant militants: a study of industrial technicians, /

Uloženo v:
Podrobná bibliografie
Další autoři: Roberts, B. C. (Benjamin Charles), 1917-
Médium: Kniha
Jazyk:English
Vydáno: London, Heinemann Educational, 1972.
Edice:London School of Economics industrial relations series
Témata:
LEADER 01241nam a2200313 a 4500
001 c000172888
003 CARM
005 20040309103918.0
008 730424s1972 enka b 001 0 eng
010 |a 73152613 //r942 
015 |a B72-29041 
019 1 |a 538879  |z 44283738  |z 54068806  |5 LACONCORD2021 
020 |a 0435857800 
035 |a (OCoLC)624365  |5 LACONCORD2021 
040 |a LC  |b eng  |c LC  |d ABN-SNR 
050 0 0 |a TA158  |b .R42 
082 0 0 |a 331/.041 
245 0 0 |a Reluctant militants:  |b a study of industrial technicians, /  |c [by] B. C. Roberts and others. 
260 |a London,  |b Heinemann Educational,  |c 1972. 
300 |a vii, 342 p.  |b 1 illus. ;  |c 22 cm. 
490 1 |a London School of Economics industrial relations series 
504 |a Bibliography: p. [329]-337. 
650 0 |a Industrial technicians. 
650 0 |a Industrial relations. 
700 1 |a Roberts, B. C.  |q (Benjamin Charles),  |d 1917- 
810 2 |a London School of Economics and Political Science.  |t Industrial relations series. 
852 8 |b CARM  |h A2:AJ02A0  |i B05306  |p 0165680  |f BK 
999 f f |i e10c2028-280e-5d81-a976-4a1f9170f977  |s 58fa9422-826f-5564-97e1-0122854800b4 
952 f f |p Can circulate  |a CAVAL  |b CAVAL  |c CAVAL  |d CARM 1 Store  |e B05306  |f A2:AJ02A0  |h Other scheme  |i book  |m 0165680